[Event "Srpska Republic-chT 1st League"]
[Site "Banja Dvorovi"]
[Date "2018.08.12"]
[Round "9.2"]
[White "Tomic, Zeljko"]
[Black "Ahmic, Nesim"]
[Result "0-1"]
[WhiteElo "1873"]
[BlackElo "2008"]
[PlyCount "62"]
[EventDate "2018.08.04"]
[EventType "team-tourn"]
[EventRounds "9"]
[EventCountry "BIH"]
[SourceTitle "CBM 186 Extra"]
[Source "ChessBase"]
[SourceDate "2018.08.24"]
[SourceVersion "1"]
[SourceVersionDate "2018.08.24"]
[SourceQuality "1"]
[WhiteTeam "Petrovo Ozren"]
[BlackTeam "Derventa"]
[WhiteTeamCountry "BIH"]
[BlackTeamCountry "BIH"]

1. e4 c6 2. d4 d5 3. exd5 Qxd5 4. Nc3 Qd8 5. Be3 Bf5 6. Bd3 Bxd3 7. Qxd3 e6 8. 0-0-0 Nf6 9. f3 Nbd7 10. Nge2 Nb6 11. Kb1 Nbd5 12. Nxd5 Nxd5 13. Bd2 b5 14. a3 Be7 15. f4 a5 16. g4 b4 17. a4 c5 18. dxc5 Bxc5 19. f5 0-0 20. fxe6 fxe6 21. Nd4 Bxd4 22. Qxd4 Qd7 23. b3 Rac8 24. Be1 Qc6 25. Rc1 Nf4 26. Bd2 Ne2 27. Qd3 Nxc1 28. Rxc1 Qg2 29. h3 Rfd8 30. Qe3 Qxd2 31. Qxe6+ Kh8 0-1

[Event "Srpska Republic-chT 1st League"]
[Site "Banja Dvorovi"]
[Date "2018.08.07"]
[Round "4.4"]
[White "Tomic, Milanka"]
[Black "Ahmic, Nesim"]
[Result "0-1"]
[WhiteElo "1771"]
[BlackElo "2008"]
[PlyCount "134"]
[EventDate "2018.08.04"]
[EventType "team-tourn"]
[EventRounds "9"]
[EventCountry "BIH"]
[SourceTitle "CBM 186 Extra"]
[Source "ChessBase"]
[SourceDate "2018.08.24"]
[SourceVersion "1"]
[SourceVersionDate "2018.08.24"]
[SourceQuality "1"]
[WhiteTeam "Teslic Mladost"]
[BlackTeam "Derventa"]
[WhiteTeamCountry "BIH"]
[BlackTeamCountry "BIH"]

1. d4 Nf6 2. c4 c6 3. Nc3 d5 4. e3 g6 5. Nf3 Bg7 6. Bd3 0-0 7. h3 Re8 8. 0-0 Nbd7 9. cxd5 cxd5 10. Qe2 a6 11. Rd1 b5 12. b4 Bb7 13. a4 Ne4 14. Bb2 bxa4 15. Nxa4 Rb8 16. Nc5 Bc8 17. Nxe4 dxe4 18. Bxe4 Rxb4 19. Bc3 Rb8 20. Ba5 Nb6 21. Bd3 Qd5 22. Bxb6 Rxb6 23. Bxa6 Bxa6 24. Rxa6 Rb4 25. Qa2 Qb7 26. Ra7 Qb8 27. Ra1 Rb2 28. Qa4 Rb1+ 29. Rxb1 Qxb1+ 30. Kh2 Qb8+ 31. g3 Bf6 32. Ra5 Rc8 33. Rc5 Rd8 34. Qb5 Qa8 35. Kg2 Rb8 36. Qc4 Kg7 37. Rb5 Rd8 38. d5 Qa1 39. Rc5 Rb8 40. Nd2 Qb2 41. Qc2 Qe5 42. Nf3 Qd6 43. Qc4 Rb2 44. Rc6 Qb8 45. Rc8 Qa7 46. Qc1 Qa2 47. Qf1 Qxd5 48. Rc1 Qe4 49. Qe1 g5 50. Rd1 h5 51. Rd2 Rxd2 52. Qxd2 g4 53. hxg4 hxg4 54. Qe2 e6 55. Qd1 Kg6 56. Qe2 Kf5 57. Qb5+ e5 58. Qd7+ Kg6 59. Qd1 Be7 60. Qe2 Kf5 61. Qd1 Qxf3+ 62. Qxf3+ gxf3+ 63. Kxf3 e4+ 64. Kg2 Kg4 65. Kf1 Kf3 66. Kg1 Bb4 67. Kf1 Bd2 0-1

[Event "Srpska Republic-chT 1st League"]
[Site "Banja Dvorovi"]
[Date "2018.08.06"]
[Round "3.3"]
[White "Ahmic, Nesim"]
[Black "Savic, Petar A"]
[Result "0-1"]
[WhiteElo "2008"]
[BlackElo "2086"]
[PlyCount "50"]
[EventDate "2018.08.04"]
[EventType "team-tourn"]
[EventRounds "9"]
[EventCountry "BIH"]
[SourceTitle "CBM 186 Extra"]
[Source "ChessBase"]
[SourceDate "2018.08.24"]
[SourceVersion "1"]
[SourceVersionDate "2018.08.24"]
[SourceQuality "1"]
[WhiteTeam "Derventa"]
[BlackTeam "Zvornik Drina"]
[WhiteTeamCountry "BIH"]
[BlackTeamCountry "BIH"]

1. d4 Nf6 2. c3 e6 3. Bg5 d5 4. Nd2 h6 5. Bh4 Be7 6. e3 Nbd7 7. Ngf3 c5 8. Bd3 0-0 9. Qe2 Re8 10. e4 dxe4 11. Nxe4 Nd5 12. Bg3 Qb6 13. Rb1 cxd4 14. cxd4 Nf8 15. a3 Ng6 16. Qd2 Bf8 17. Nc3 Nge7 18. Ne5 Nc6 19. Nxc6 bxc6 20. 0-0 a5 21. Nxd5 cxd5 22. Rfe1 Ba6 23. Bxa6 Qxa6 24. Be5 a4 25. h3 Rac8 0-1

[Event "BIH-chT Seniors"]
[Site "Mosko"]
[Date "2015.08.14"]
[Round "5"]
[White "Sredojevic, Srdjan"]
[Black "Ahmic, Nesim"]
[Result "0-1"]
[WhiteElo "2205"]
[BlackElo "1987"]
[PlyCount "92"]
[EventDate "2015.08.10"]
[EventType "team-tourn"]
[EventRounds "9"]
[EventCountry "BIH"]
[SourceTitle "EXT 2016"]
[Source "ChessBase"]
[SourceDate "2015.10.08"]
[SourceVersion "1"]
[SourceVersionDate "2015.10.08"]
[SourceQuality "1"]

1. e4 c6 2. d4 d5 3. e5 Bf5 4. Nc3 e6 5. g4 Bg6 6. Nge2 Be7 7. Nf4 Nd7 8. Nxg6 hxg6 9. Be3 Bg5 10. Qd2 Bxe3 11. Qxe3 a6 12. Be2 Qe7 13. 0-0-0 c5 14. f4 cxd4 15. Qxd4 Qc5 16. Qxc5 Nxc5 17. Bf3 Ne7 18. Rd2 Rc8 19. Kb1 b5 20. Ne2 Nc6 21. h3 Ke7 22. Bg2 g5 23. fxg5 Nxe5 24. Nf4 Ncd7 25. Re1 Rc4 26. Rf2 g6 27. b3 Rc5 28. Ref1 a5 29. Nd3 Rc7 30. Nb2 Rc3 31. a4 b4 32. Nd1 Rg3 33. Kc1 Rc8 34. Kb1 Kd6 35. Rd2 Rc5 36. Rf4 Ke7 37. Rdf2 Rc7 38. Re2 Kd6 39. Rd2 Nf8 40. Nf2 Ke7 41. Nh1 Rgc3 42. h4 Nh7 43. Kb2 Kd6 44. Bf1 R7c6 45. Kb1 Kc5 46. Kb2 Nf3 0-1

[Event "BIH-chT Seniors"]
[Site "Mosko"]
[Date "2015.08.12"]
[Round "3"]
[White "Babic, Drasko"]
[Black "Ahmic, Nesim"]
[Result "1-0"]
[WhiteElo "2251"]
[BlackElo "1987"]
[PlyCount "54"]
[EventDate "2015.08.10"]
[EventType "team-tourn"]
[EventRounds "9"]
[EventCountry "BIH"]
[SourceTitle "EXT 2016"]
[Source "ChessBase"]
[SourceDate "2015.10.08"]
[SourceVersion "1"]
[SourceVersionDate "2015.10.08"]
[SourceQuality "1"]

1. e4 c6 2. d4 d6 3. Nc3 Nf6 4. a4 g6 5. h3 Bg7 6. g3 0-0 7. Bg2 Nbd7 8. Nge2 Rb8 9. 0-0 e5 10. d5 cxd5 11. exd5 a6 12. Be3 Ne8 13. Qd2 f5 14. f4 b6 15. Na2 Nc5 16. Nb4 Bb7 17. Nc6 Bxc6 18. dxc6 Nc7 19. Nc3 Qe7 20. b4 N5e6 21. Rad1 Rfd8 22. Nd5 Nxd5 23. Bxd5 Kf7 24. b5 axb5 25. axb5 Qc7 26. c4 Ke7 27. Bxe6 Kxe6 1-0

[Event "Srpska Republic-chT 1st League"]
[Site "Banja Vrucica"]
[Date "2014.08.17"]
[Round "9.4"]
[White "Ahmic, Nesim"]
[Black "Savic, Petar A"]
[Result "1/2-1/2"]
[WhiteElo "1869"]
[BlackElo "2119"]
[PlyCount "109"]
[EventDate "2014.08.09"]
[EventType "team-tourn"]
[EventRounds "9"]
[EventCountry "BIH"]
[SourceTitle "EXT 2016"]
[Source "ChessBase"]
[SourceDate "2015.10.08"]
[SourceVersion "1"]
[SourceVersionDate "2015.10.08"]
[SourceQuality "1"]
[WhiteTeam "Derventa"]
[BlackTeam "Zvornik Drina"]
[WhiteTeamCountry "BIH"]
[BlackTeamCountry "BIH"]

1. c4 e6 2. d4 d5 3. cxd5 exd5 4. Nc3 c6 5. Nf3 Nf6 6. a3 Bd6 7. Bg5 h6 8. Bh4 0-0 9. e3 Nbd7 10. Bd3 Re8 11. Qc2 Nf8 12. 0-0 Bd7 13. Rfe1 Be7 14. Bg3 Rc8 15. Ne5 Be6 16. b4 Nh5 17. Ne2 Nxg3 18. hxg3 Bd6 19. Nf3 Qf6 20. Nf4 Bg4 21. Nh2 Bd7 22. Qe2 Qg5 23. Nh3 Qf6 24. Qh5 Nh7 25. Nf4 Ng5 26. Ng4 Bxg4 27. Qxg4 g6 28. Rac1 Kg7 29. Nxd5 Qd8 30. Nf4 h5 31. Qd1 Rh8 32. Qc2 Qf6 33. Kf1 h4 34. gxh4 Rxh4 35. g3 Rh2 36. Be4 Nxe4 37. Qxe4 g5 38. Nd3 Bxg3 39. Ke2 Bxf2 40. Rh1 Rch8 41. Rxh2 Rxh2 42. Rh1 Rxh1 43. Qxh1 Bg3 44. Qh3 Bd6 45. Nf2 Qg6 46. e4 Bf4 47. a4 Qd6 48. Ng4 Qe6 49. Kd1 Qg6 50. Qf3 Qd6 51. Qc3 Kf8 52. e5 Qd5 53. Qc5+ Qxc5 54. bxc5 Ke7 55. Ke2 1/2-1/2

[Event "Srpska Republic-chT 1st League"]
[Site "Banja Vrucica"]
[Date "2014.08.12"]
[Round "4.5"]
[White "Adzic, Mitar"]
[Black "Ahmic, Nesim"]
[Result "0-1"]
[WhiteElo "2034"]
[BlackElo "1869"]
[PlyCount "74"]
[EventDate "2014.08.09"]
[EventType "team-tourn"]
[EventRounds "9"]
[EventCountry "BIH"]
[SourceTitle "EXT 2016"]
[Source "ChessBase"]
[SourceDate "2015.10.08"]
[SourceVersion "1"]
[SourceVersionDate "2015.10.08"]
[SourceQuality "1"]
[WhiteTeam "Gacko Mladost"]
[BlackTeam "Derventa"]
[WhiteTeamCountry "BIH"]
[BlackTeamCountry "BIH"]

1. e4 c6 2. Nf3 d6 3. d4 Nf6 4. Nc3 g6 5. Bg5 Bg7 6. Bd3 Bg4 7. h3 Bxf3 8. Qxf3 Qb6 9. 0-0-0 Qxd4 10. Rhe1 Nbd7 11. Qg3 Qc5 12. Be3 Qa5 13. Kb1 b5 14. Bd2 Qc7 15. f4 a6 16. Qe3 b4 17. Na4 c5 18. Bc4 0-0 19. e5 Ne8 20. e6 fxe6 21. Qxe6+ Kh8 22. g4 Nef6 23. h4 Rac8 24. h5 gxh5 25. g5 Ng8 26. Rh1 Qc6 27. Bd5 Qxa4 28. Rxh5 Ndf6 29. Rdh1 Nxh5 30. Rxh5 h6 31. b3 Qe8 32. Rh1 Rb8 33. Bc1 Qc8 34. Qe2 c4 35. Be6 Qc6 36. Rh5 cxb3 37. axb3 Qc3 0-1

[Event "Srpska Republic-chT 1st League"]
[Site "Banja Vrucica"]
[Date "2014.08.11"]
[Round "3.1"]
[White "Bakic, Aleksandar"]
[Black "Ahmic, Nesim"]
[Result "0-1"]
[WhiteElo "1956"]
[BlackElo "1869"]
[PlyCount "105"]
[EventDate "2014.08.09"]
[EventType "team-tourn"]
[EventRounds "9"]
[EventCountry "BIH"]
[SourceTitle "EXT 2016"]
[Source "ChessBase"]
[SourceDate "2015.10.08"]
[SourceVersion "1"]
[SourceVersionDate "2015.10.08"]
[SourceQuality "1"]
[WhiteTeam "Kozarska Dubica"]
[BlackTeam "Derventa"]
[WhiteTeamCountry "BIH"]
[BlackTeamCountry "BIH"]

1. e4 c6 2. d4 d6 3. f4 Nf6 4. Nc3 g6 5. Nf3 Bg7 6. Be2 0-0 7. 0-0 b5 8. a3 Qb6 9. Kh1 Bb7 10. Be3 Nbd7 11. Bg1 Qc7 12. Bd3 a5 13. Qe2 b4 14. axb4 axb4 15. Na4 c5 16. d5 Nb6 17. Nxb6 Qxb6 18. Rxa8 Rxa8 19. Nd2 Ra2 20. Nc4 Qd8 21. b3 Ba6 22. Rd1 Bxc4 23. Bxc4 Nd7 24. Bd3 Qa5 25. g3 Qa3 26. Be3 Qb2 27. Bc1 Qf6 28. Be3 h6 29. Qg4 Nf8 30. h4 h5 31. Qf3 Bh6 32. Qe2 Nd7 33. e5 Qg7 34. e6 fxe6 35. dxe6 Nf8 36. f5 gxf5 37. Bxh6 Qxh6 38. Bxf5 Nh7 39. Rf1 Nf6 40. Bd3 d5 41. Rxf6 Qxf6 42. Qxh5 c4 43. bxc4 dxc4 44. Bxc4 Rxc2 45. Bd3 Rc1+ 46. Kg2 b3 47. Qe8+ Kg7 48. h5 b2 49. Qb5 Rd1 50. g4 Rd2+ 51. Kh3 Qf4 52. h6+ Qxh6+ 53. Kg3 0-1

[Event "BIH-chT Cup"]
[Site "Banja Vrucica"]
[Date "2013.08.18"]
[Round "9"]
[White "Ahmic, Nesim"]
[Black "Milosevic, Goran"]
[Result "0-1"]
[WhiteElo "1881"]
[BlackElo "2342"]
[PlyCount "136"]
[EventDate "2013.08.10"]
[EventType "team-tourn"]
[EventRounds "9"]
[EventCountry "BIH"]
[SourceTitle "CBM 155 Extra"]
[Source "ChessBase"]
[SourceDate "2013.08.26"]
[SourceVersion "1"]
[SourceVersionDate "2013.08.26"]
[SourceQuality "1"]

1. d4 Nf6 2. c3 e6 3. Bg5 Be7 4. Nd2 h6 5. Bh4 d6 6. e3 0-0 7. Ngf3 b6 8. Be2 Bb7 9. 0-0 Nbd7 10. Qc2 c5 11. Rad1 a6 12. h3 Rc8 13. a4 cxd4 14. exd4 Nh5 15. Bxe7 Qxe7 16. Rfe1 Nf4 17. Bf1 Qf6 18. Re3 Rfd8 19. Qb1 Nd5 20. Ree1 Nf8 21. Bd3 Nf4 22. Be4 Bxe4 23. Nxe4 Nxh3+ 24. Kh2 Qf5 25. Nh4 Qg4 26. gxh3 Qxh4 27. Ng3 Ng6 28. Qd3 Nf4 29. Qf1 d5 30. Re3 b5 31. axb5 axb5 32. Ne2 Rb8 33. b4 Ra8 34. Nxf4 Qxf4+ 35. Kg2 Ra2 36. Rf3 Qb8 37. Ra1 Rxa1 38. Qxa1 Qb7 39. Qe1 Ra8 40. Qe3 Qc7 41. Rg3 Ra1 42. Kh2 Kf8 43. Qe2 Qf4 44. Qe3 Qxe3 45. Rxe3 g5 46. Kg3 Kg7 47. Kg2 Rc1 48. Kg3 Kg6 49. Kg2 h5 50. Kg3 h4+ 51. Kg2 Kf6 52. Rf3+ Ke7 53. Rd3 f5 54. Re3 Kf6 55. Kf3 Rc2 56. Rd3 Kf7 57. Re3 Rd2 58. Kg2 g4 59. hxg4 fxg4 60. Kg1 Kf6 61. Kf1 Rc2 62. Kg1 h3 63. Rg3 Kf5 64. Re3 Rc1+ 65. Kh2 Rf1 66. Re2 Kf4 67. Rxe6 Rxf2+ 68. Kg1 Rc2 0-1